[Event "IECG TG.2003.0.15053"]
[Site "IECG email"]
[Date "2003.12.09"]
[Round "1"]
[White "Perez Munuzuri, Vicente"]
[Black "Giammetti, Daniele"]
[Result "1-0"]
[WhiteElo "1147"]
[BlackElo "1140"]
[PlyCount "55"]
[EventDate "2003.12.09"]
[EventType "match (corr)"]
[EventRounds "2"]
[SourceTitle "Corr 2008"]
[Source "ChessBase"]
[SourceDate "2008.06.24"]
[SourceVersion "1"]
[SourceVersionDate "2008.06.24"]
[SourceQuality "1"]

1. e4 e6 2. d4 d5 3. Nd2 c5 4. exd5 exd5 5. Ngf3 Nc6 6. Bb5 Bd7 7. 0-0 Be7 8. dxc5 Nf6 9. Nb3 0-0 10. Re1 Re8 11. Bf4 Bg4 12. Qd3 Ne4 13. Ne5 Bd7 14. Nxd7 Bh4 15. g3 Qxd7 16. Bxc6 bxc6 17. gxh4 Re6 18. Re3 Qe7 19. Bg3 Re8 20. Nd4 Nxc5 21. Rxe6 Nxe6 22. Nxc6 Qb7 23. Qc3 Kh8 24. Na5 Qe7 25. Qc6 Nd4 26. Qxd5 Rd8 27. Qb7 Qf6 28. c3 1-0